Guess the Taylor Swift Song (Speak Now TV) 16 - Statistics

General Stats
  • This quiz has been taken 9 times
  • The average score is 342 of 440
Answer Stats
Answer % Correct
a
100%
How
100%
how
100%
I
100%
In
100%
in
100%
me
100%
my
100%
of
100%
Of
100%
that
100%
That
100%
the
100%
The
100%
them
100%
they
100%
to
100%
we
100%
We
100%
When
100%
will
100%
Will
100%
with
100%
you
100%
You
100%
your
100%
all
88%
an
88%
and
88%
And
88%
be
88%
But
88%
face"
88%
face
88%
fighting
88%
for
88%
had
88%
is
88%
It
88%
Long
88%
"Long
88%
Long,
88%
long
88%
long,
88%
look
88%
name
88%
never
88%
On
88%
on
88%
said
88%
tell
88%
Tell
88%
this
88%
"This
88%
time
88%
was
88%
went
88%
back
75%
Cause
75%
crowds
75%
day
75%
day,
75%
dragons
75%
forever
75%
hope
75%
if,
75%
If
75%
just
75%
lights
75%
live
75%
made"
75%
mind
75%
off
75%
One
75%
pictures
75%
Please
75%
point
75%
screaming,
75%
Screaming,
75%
shine
75%
should
75%
there
75%
us
75%
were
75%
wild
75%
you'll
75%
age
63%
are
63%
by
63%
children
63%
crashed
63%
decade
63%
end
63%
fall
63%
hands
63%
have
63%
held
63%
Hold
63%
I'm
63%
kingdom
63%
life
63%
like
63%
magic
63%
moment
63%
moment,
63%
moment?
63%
night
63%
our
63%
remember
63%
shined
63%
stand
63%
stands
63%
start
63%
stood
63%
through
63%
up
63%
walls
63%
Would
63%
bring
50%
Confetti
50%
falls
50%
feeling
50%
got
50%
ground
50%
head
50%
history
50%
names
50%
not
50%
now
50%
pretenders
50%
pretenders,
50%
Promise
50%
read
50%
remembered
50%
right
50%
same
50%
shaking
50%
Singing
50%
take
50%
absurd"
38%
around
38%
baseball
38%
book
38%
break
38%
cap
38%
crown
38%
danced
38%
fate
38%
forbid,
38%
force
38%
gave
38%
God
38%
goodbye
38%
hero
38%
into
38%
kings
38%
knew
38%
May
38%
memories
38%
mountains
38%
page
38%
passed
38%
queens
38%
sidelines
38%
someday
38%
spinning
38%
step
38%
these
38%
town
38%
traded
38%
Wishing
38%
afraid
25%
band
25%
cynics
25%
jeans
25%
lives
25%
moved
25%
outraged
25%
ripped
25%
rule
25%
thieves
25%
trophies
25%
world
25%
years
25%
No matching quizzes found
Score Distribution
Percent of People with Each Score
Percentile by Number Answered
Your Score History
You have not taken this quiz